Detalles MARC
| 000 -CABECERA |
| campo de control de longitud fija |
01271nam a2200313 a 4500 |
| 001 - NÚMERO DE CONTROL |
| campo de control |
000045270 |
| 003 - IDENTIFICADOR DEL NÚMERO DE CONTROL |
| campo de control |
DO-SdBNP |
| 005 - FECHA Y HORA DE LA ÚLTIMA TRANSACCIÓN |
| campo de control |
20240302073957.0 |
| 007 - CAMPO FIJO DE DESCRIPCIÓN FÍSICA--INFORMACIÓN GENERAL |
| campo de control de longitud fija |
ta |
| 008 - DATOS DE LONGITUD FIJA--INFORMACIÓN GENERAL |
| campo de control de longitud fija |
150220s2009 dr a 000 0 spa d |
| 020 ## - NÚMERO INTERNACIONAL ESTÁNDAR DEL LIBRO |
| Número Internacional Estándar del Libro |
999347696x |
| 040 ## - FUENTE DE LA CATALOGACIÓN |
| Centro catalogador/agencia de origen |
DO-SdBNP |
| Lengua de catalogación |
spa |
| Centro/agencia transcriptor |
BNPHU |
| 082 #4 - NÚMERO DE LA CLASIFICACIÓN DECIMAL DEWEY |
| Número de edición |
22 |
| Número de clasificación |
923.57293 |
| Número de documento/Ítem |
G633C, 2009 |
| 100 1# - ENTRADA PRINCIPAL--NOMBRE DE PERSONA |
| Nombre de persona |
Cassá, Roberto, |
| Fechas asociadas al nombre |
1948- |
| 9 (RLIN) |
10888 |
| 245 10 - MENCIÓN DE TÍTULO |
| Título |
Máximo Gómez : |
| Resto del título |
libertador de Cuba / |
| Mención de responsabilidad, etc. |
Roberto Cassá ; Ilustraciones, Ramiro Manzano. |
| 250 ## - MENCIÓN DE EDICIÓN |
| Mención de edición |
3a ed. |
| 260 ## - PUBLICACIÓN, DISTRIBUCIÓN, ETC. |
| Lugar de publicación, distribución, etc. |
Santo Domingo : |
| Nombre del editor, distribuidor, etc. |
Tobogan, |
| Fecha de publicación, distribución, etc. |
2009. |
| Fabricante |
Alfa y Omega |
| 300 ## - DESCRIPCIÓN FÍSICA |
| Extensión |
65 p. : |
| Otras características físicas |
il. ; |
| Dimensiones |
21 cm. |
| 490 ## - MENCIÓN DE SERIE |
| Mención de serie |
Bografías dominicanas Tobogán ; |
| 504 ## - NOTA DE BIBLIOGRAFÍA, ETC. |
| Nota de bibliografía, etc. |
Bibliografía : p. 65 |
| 505 0# - NOTA DE CONTENIDO CON FORMATO |
| Título |
El talento del prócer -- |
| -- |
30 años de vida dominicana -- |
| -- |
El impacto de la emigración -- |
| -- |
Los contrastes de la realidad cubana -- |
| -- |
La primera carga al machete -- |
| -- |
La paz de El Zanjón y la emigración -- |
| -- |
La guerra de la Independencia -- |
| -- |
Frente a la invasión norteamericana -- |
| Nota de contenido con formato |
Retorno al país |
| 590 ## - NOTA LOCAL (RLIN) |
| Nota local |
Inventariado, 2019/ YL |
| 600 10 - PUNTO DE ACCESO ADICIONAL DE MATERIA--NOMBRE DE PERSONA |
| Nombre de persona |
Gómez, Máximo, |
| Fechas asociadas al nombre |
1836-1905 |
| 9 (RLIN) |
12249 |
| 651 #4 - PUNTO DE ACCESO ADICIONAL DE MATERIA--NOMBRE GEOGRÁFICO |
| Nombre geográfico |
República Dominicana |
| Subdivisión de forma |
BIOGRAFÍAS |
| 9 (RLIN) |
1083 |
| 700 1# - PUNTO DE ACCESO ADICIONAL--NOMBRE DE PERSONA |
| Nombre de persona |
Manzano, Ramiro, |
| Término indicativo de función/relación |
il. |
| 9 (RLIN) |
768 |
| 830 #0 - PUNTO DE ACCESO ADICIONAL DE SERIE-TÍTULO UNIFORME |
| Título uniforme |
Biografías dominicanas Tobogán |
| 9 (RLIN) |
769 |
| 910 ## - DATOS DE OPCIÓN DEL USUARIO (OCLC) |
| Datos de opción del usuario |
YL |
| 942 ## - ELEMENTOS DE PUNTO DE ACCESO ADICIONAL (KOHA) |
| Fuente del sistema de clasificación o colocación |
Dewey Decimal Classification |
| Tipo de ítem Koha |
Libro |